<?xml version="1.0" encoding="UTF-8"?>
<record
    xmlns:xsi="http://www.w3.org/2001/XMLSchema-instance"
    xsi:schemaLocation="http://www.loc.gov/MARC21/slim http://www.loc.gov/standards/marcxml/schema/MARC21slim.xsd"
    xmlns="http://www.loc.gov/MARC21/slim">

  <leader>02214    a2200241   4500</leader>
  <controlfield tag="001">29166</controlfield>
  <controlfield tag="005">20260407155600.0</controlfield>
  <controlfield tag="008">260407a1965    arg                 spa d</controlfield>
  <controlfield tag="003">AR-UNSa-BCEJYS</controlfield>
  <datafield tag="040" ind1=" " ind2=" ">
    <subfield code="a">AR-UNSa-BCEJYS</subfield>
    <subfield code="b">spa</subfield>
    <subfield code="c">AR-UNSa-BCEJYS</subfield>
  </datafield>
  <datafield tag="080" ind1=" " ind2=" ">
    <subfield code="a">657</subfield>
    <subfield code="x">Contabilidad</subfield>
  </datafield>
  <datafield tag="245" ind1="1" ind2="0">
    <subfield code="a">Contabilidad econ&#xF3;mica</subfield>
  </datafield>
  <datafield tag="250" ind1=" " ind2=" ">
    <subfield code="a">2a. ed</subfield>
  </datafield>
  <datafield tag="264" ind1=" " ind2="1">
    <subfield code="a">M&#xE9;xico :</subfield>
    <subfield code="b">Fondo de Cultura Econ&#xF3;mica</subfield>
    <subfield code="c">1965</subfield>
  </datafield>
  <datafield tag="300" ind1=" " ind2=" ">
    <subfield code="a">538 p.</subfield>
    <subfield code="c">23 cm.</subfield>
  </datafield>
  <datafield tag="505" ind1=" " ind2=" ">
    <subfield code="a">Parte I: Cuentas de la empresa individual: 1. La contabilidad y el an&#xE1;lisis ec&#xF3;nomico - 2. Cuentas familiares - 3. Ahorro e inversi&#xF3;n - 4. Contabilidad de la empresa individual: I. Transacciones - 5. Contabilidad de la empresa individual: II. Los estados fundamentales - 6. Contabilidad de la empresa individual: III. El estado de origen y aplicaci&#xF3;n de fondos - 7. Contabilidad de las sociedades an&#xF3;nimas: I. Transacciones - 8. Contabilidad de las sociedades an&#xF3;nimas: II. Asientos - 9. Contabilidad de las sociedades an&#xF3;nimas: III. Ingreso y producto - 10. Contabilidad de las sociedades an&#xF3;nimas: IV. El balance y el estado de inversi&#xF3;n - 11. Contabilidad de las sociedades an&#xF3;nimas: V. El estado de origen y aplicaci&#xF3;n de fondos - 12. Contabilizaci&#xF3;n del costo unitario - 13. Estados contables del sistema monetario -- Parte II: 14. Los estados consolidados: I. Cuentas de la empresa - 15. Los estados consolidados: II. Cuentas sociales - 16. Contabilidad del sector - 17. Contabilidad del producto nacional: I. Transacciones - 18. Contabilidad del producto nacional: II. Transacciones (continuaci&#xF3;n) - 19. Contabilidad del producto nacional: III. Las cuentas del sector - 20. La cuenta del ingreso y el producto nacional - 21. Contabilidad de la balanza de pagos: I. La ecuaci&#xF3;n - 22. Contabilidad de la balanza de pagos: II. Transacciones y presentaci&#xF3;n - 23. Contabilidad de la balanza de pagos: III. Otras consideraciones - 24. Cuadros de insumo-producto - 25. Cuentas de las corrientes de fondos - 26. Afinidad entre los principios contables   </subfield>
  </datafield>
  <datafield tag="942" ind1=" " ind2=" ">
    <subfield code="c">BK</subfield>
  </datafield>
  <datafield tag="590" ind1=" " ind2=" ">
    <subfield code="a">niveau_biblio:m niveau_hierar:0</subfield>
  </datafield>
  <datafield tag="100" ind1="1" ind2=" ">
    <subfield code="a">Powelson, John P.</subfield>
  </datafield>
  <datafield tag="700" ind1="1" ind2=" ">
    <subfield code="a">Ram&#xF3;n, Herminia</subfield>
  </datafield>
  <datafield tag="700" ind1="1" ind2=" ">
    <subfield code="a">Pimentel, Rub&#xE9;n C.</subfield>
  </datafield>
  <datafield tag="700" ind1="1" ind2=" ">
    <subfield code="a">Sobrino, Jos&#xE9; Manuel</subfield>
  </datafield>
  <datafield tag="999" ind1=" " ind2=" ">
    <subfield code="c">1809</subfield>
    <subfield code="d">1809</subfield>
  </datafield>
  <datafield tag="952" ind1=" " ind2=" ">
    <subfield code="0">0</subfield>
    <subfield code="1">0</subfield>
    <subfield code="4">0</subfield>
    <subfield code="7">0</subfield>
    <subfield code="a">BCEJYS</subfield>
    <subfield code="b">BCEJYS</subfield>
    <subfield code="c">16</subfield>
    <subfield code="d">2026-04-07</subfield>
    <subfield code="l">0</subfield>
    <subfield code="o">657 P881 2ed.</subfield>
    <subfield code="p">L24327</subfield>
    <subfield code="r">2026-04-07 15:56:00</subfield>
    <subfield code="w">2026-04-07</subfield>
    <subfield code="y">L</subfield>
  </datafield>
  <datafield tag="952" ind1=" " ind2=" ">
    <subfield code="0">0</subfield>
    <subfield code="1">0</subfield>
    <subfield code="4">0</subfield>
    <subfield code="7">0</subfield>
    <subfield code="a">BCEJYS</subfield>
    <subfield code="b">BCEJYS</subfield>
    <subfield code="c">16</subfield>
    <subfield code="d">2026-04-07</subfield>
    <subfield code="l">0</subfield>
    <subfield code="o">657 P881 2ed.</subfield>
    <subfield code="p">L24328</subfield>
    <subfield code="r">2026-04-07 15:56:00</subfield>
    <subfield code="w">2026-04-07</subfield>
    <subfield code="y">L</subfield>
  </datafield>
</record>
